LIBRARY & INFORMATION CENTRE, KCAET, TAVANUR

ONLINE PUBLIC ACCESS CATALOGUE (OPAC)

Wind Power Plants and Project Development (Record no. 14662)

MARC details
000 -LEADER
fixed length control field 00416nam a22001577a 4500
003 - CONTROL NUMBER IDENTIFIER
control field OSt
008 - FIXED-LENGTH DATA ELEMENTS--GENERAL INFORMATION
fixed length control field 241223b |||||||| |||| 00| 0 eng d
020 ## - INTERNATIONAL STANDARD BOOK NUMBER
ISBN 9788120339866
082 ## - DEWEY DECIMAL CLASSIFICATION NUMBER
Classification number 621.47
Item number EAR/WI
100 ## - MAIN ENTRY--AUTHOR NAME
Personal name Earnest,Joshua
100 ## - MAIN ENTRY--AUTHOR NAME
Personal name Wizelius,Tore
245 ## - TITLE STATEMENT
Title Wind Power Plants and Project Development
260 ## - PUBLICATION, DISTRIBUTION, ETC. (IMPRINT)
Place of publication New Delhi
Name of publisher PHI Learning Private Limited
Year of publication 2011
300 ## - PHYSICAL DESCRIPTION
Number of Pages 484
942 ## - ADDED ENTRY ELEMENTS (KOHA)
Koha item type Books
Holdings
Withdrawn status Lost status Damaged status Collection code Home library Current library Shelving location Date acquired Source of acquisition Cost, normal purchase price Full call number Accession Number Koha item type
        KAUAET KAUAET General Stacks 25/07/2016 Cosmo Book s, Calicut. 995.00 621.47 EAR/WI 24334 Books
free website counter